| 000 | 00564nam a2200229 a 4500 | ||
|---|---|---|---|
| 001 | nice12345678 | ||
| 003 | IN_TiNIC | ||
| 005 | 20260116011652.0 | ||
| 008 | 070619s1950 cala grc 000 0 bng | ||
| 020 |
_a _c100 |
||
| 082 | 0 | 0 |
_a232.9 _bJON1 |
| 100 | _aJones, L Bevan | ||
| 245 | _aBest Friend | ||
| 260 |
_aCalcutta _bCalcutta Christian Tract and Book Societ _c1950 |
||
| 300 | _a92p | ||
| 500 | _aincludes index and biblioraphy | ||
| 650 | _aJesus Christ-Biography | ||
| 700 | 1 | _aJones, L Bevan | |
| 902 | _bSRS | ||
| 942 | _cPC | ||
| 999 |
_c3271 _d3271 |
||